000 00859cam a2200229 4500
001 B2757
008 090401t1989 xxu||||| |||| 00| 0 eng d
035 _a(Sirsi) u51951
041 0 _aeng
050 0 4 _a692.9 $2 18
110 2 _aNational Joint Consultative Committee for Building
_9994
245 0 0 _aCode of procedure for the letting and management of domestic sub-contract works
260 _aLondon
_bRIBA Publications
_c1989
300 _a7p.
_c30cm.
350 _a6.50
650 2 4 _aNJCC CODE OF PROCEDURE FOR THE LETTING AND MANAGEMENT OF DOMESTIC SUBCONTRACT WORKS
650 2 4 _aJCT DOMESTIC SUB-CONTRACT (1980 EDITION)
651 4 _aUnited Kingdom
_y
690 _aBUILT ENVIRONMENT-BUILDING CONTRACT FORMS-STANDARD FORMS OF BUILDING CONTRACT-NATIONAL JOINT CONSULTATIVE COMMITTEE FOR BUILDING CONTRACTS
942 _n0
948 _c04/03/1997
999 _c92976
_d92976